[Event "FSIMA December"]
[Site "Budapest HUN"]
[Date "2000.12.12"]
[Round "10"]
[White "Mensch,E"]
[Black "Xu Hanbing"]
[Result "1/2-1/2"]
[WhiteElo "2302"]
[BlackElo "2328"]

1.d4 Nf6 2.Bg5 c5 3.d5 Ne4 4.Bf4 Qa5+ 5.c3 d6 6.f3 Nf6 7.e4 g6 8.Nd2 Bg7
9.Nc4 Qd8 10.a4 O-O 11.Bd3 Na6 12.Ne2 Nc7 13.O-O  1/2-1/2

[Event "Rapid Chess Summit"]
[Site "Stockholm SWE"]
[Date "2000.12.12"]
[Round "1.1"]
[White "Rausis,I"]
[Black "Akesson,R"]
[Result "1-0"]
[WhiteElo "2551"]
[BlackElo "2486"]

1.d4 Nf6 2.Bg5 d5 3.Nd2 Nbd7 4.e3 e5 5.Ngf3 Bd6 6.dxe5 Nxe5 7.Be2 O-O 8.O-O h6
9.Bh4 Ng6 10.Bg3 Bxg3 11.hxg3 Qe7 12.c4 dxc4 13.Bxc4 Be6 14.Nd4 Bxc4 15.Nxc4 Rfd8
16.Qf3 Qe4 17.Rac1 c5 18.Nf5 Qxf3 19.gxf3 Rd7 20.e4 Rad8 21.e5 Ne8 22.f4 b6
23.a3 Ne7 24.Nxe7+ Rxe7 25.Rfd1 Red7 26.Rxd7 Rxd7 27.Kf1 Kf8 28.Ke2 Ke7 29.Ne3 f6
30.b4 cxb4 31.axb4 a5 32.Rc6 a4 33.Rxb6 Ra7 34.b5 Nc7 35.Rb8 Ra5 36.b6 Na6
37.Ra8 a3 38.b7  1-0

[Event "TCh-SVK"]
[Site "SVK"]
[Date "2000.12.16"]
[Round "5"]
[White "Jakubek,P"]
[Black "Tomcik,M"]
[Result "1-0"]
[WhiteElo "2205"]
[BlackElo "2210"]

1.d4 Nf6 2.Bg5 c5 3.dxc5 e6 4.Nd2 Bxc5 5.e3 d5 6.Ngf3 h6 7.Bh4 b6 8.c3 O-O
9.Bd3 Be7 10.Nd4 Bb7 11.O-O Nbd7 12.f4 Nc5 13.Bc2 Rc8 14.N2f3 Ng4 15.Bxe7 Qxe7
16.Re1 Rfd8 17.h3 Nf6 18.Ne5 Nfe4 19.Qg4 f5 20.Qh5 Nf6 21.Qg6 Nce4 22.g4 fxg4
23.hxg4 Qe8 24.g5 hxg5 25.fxg5 Qxg6 26.Nxg6 Nxg5 27.Ne7+ Kf7 28.Nxc8 Rxc8
29.Kf2 a6 30.Rh1 Rf8 31.Rag1 Nge4+ 32.Ke1 Rg8 33.Nf3 Nd7 34.Rh4 Ndf6 35.Ne5+ Ke7
36.Ng4 Nxg4 37.Rhxg4 Kf6 38.Rg6+ Kf7 39.Bxe4 dxe4 40.R6g5 Bd5 41.b3 b5 42.Rg6 a5
43.Kd2 a4 44.Kc2 axb3+ 45.axb3 Rh8 46.Rxg7+ Kf6 47.Kb2 Rc8 48.Rg8 Rc7 49.R1g6+ Ke5
50.R6g7 Rc5 51.Rb8 Kf6 52.Ra7 Bc6 53.Rc7 Ke5 54.Rd8 Rd5 55.Rxd5+ Kxd5 56.Ka3 Kd6
57.Rh7 Kc5 58.Rh5+ Bd5 59.Rg5 Kc6 60.Kb4 Kb6 61.Rg6 Kc7 62.c4 bxc4 63.bxc4 Bc6
64.Kc5 Bd7 65.Rg7 Kc8 66.Kd6  1-0

[Event "TCh-SVK"]
[Site "SVK"]
[Date "2000.12.17"]
[Round "6"]
[White "Mojzis,M"]
[Black "Svoboda,S"]
[Result "0-1"]
[WhiteElo "2169"]
[BlackElo "2172"]

1.d4 Nf6 2.Bg5 g6 3.Bxf6 exf6 4.e3 Bg7 5.Bd3 f5 6.c3 O-O 7.Nd2 d6 8.Qf3 c5
9.Ne2 Nc6 10.h3 cxd4 11.exd4 Rb8 12.O-O-O Qd7 13.a3 b5 14.g4 Bb7 15.Qg3 Ne7
16.Rhg1 a5 17.b4 axb4 18.axb4 fxg4 19.hxg4 Bd5 20.Kb2 Ra8 21.Ra1 Qc6 22.Nb3 Bxb3
23.Kxb3 Qd5+ 24.Kb2 Nc6 25.Qg2 Nxb4 26.Qxd5 Nxd5 27.Rxa8 Rxa8 28.Be4 Re8
29.Ng3 Nc7 30.Bc6 Rb8 31.Ne4 b4 32.Ra1 bxc3+ 33.Kxc3 Ne6 34.Ra4 Rc8 35.Rc4 Nxd4
36.Bd5 Nf3+ 37.Kb3 Rxc4 38.Bxc4 Be5 39.Kc2 Kg7 40.Kd3 Nh2 41.g5 Nf3 42.Ke3 Nh4
43.Nd2 f6 44.gxf6+ Kxf6 45.Ke4 Nf5 46.f4 Bc3 47.Nf3 Ne7 48.Nh4 Bd2 49.Nf3 Bc1  0-1

[Event "2nd Viking GMB"]
[Site "York ENG"]
[Date "2000.12.19"]
[Round "7"]
[White "Fontaine,R"]
[Black "Arkell,K"]
[Result "1/2-1/2"]
[WhiteElo "2449"]
[BlackElo "2481"]

1.d4 Nf6 2.Bg5 d5 3.Bxf6 exf6 4.e3 f5 5.c4 dxc4 6.Bxc4 Bd6 7.Nf3 O-O 8.Nc3 c6
9.O-O Nd7 10.h3 Nf6 11.a4 Qe7  1/2-1/2

[Event "17th Open"]
[Site "Boblinger GER"]
[Date "2000.12.27"]
[Round "3"]
[White "Hauke,C"]
[Black "Marian,H"]
[Result "1-0"]
[WhiteElo "2262"]
[BlackElo "2046"]

1.d4 Nf6 2.Bg5 c5 3.d5 e6 4.Nc3 d6 5.e4 Be7 6.Bb5+ Kf8 7.dxe6 Bxe6 8.Be2 Nc6
9.Nf3 d5 10.Bxf6 Bxf6 11.Nxd5 Bxb2 12.Rb1 Qa5+ 13.Nd2 Bc3 14.O-O Bxd2 15.Rb5 Qxa2
16.Qxd2 b6 17.Nc3 Qa3 18.Qd6+ Ne7 19.Nd5 Bxd5 20.exd5 Qc3 21.Bf3 Qc4 22.Rb3  1-0

[Event "Rilton Cup"]
[Site "Stockholm SWE"]
[Date "2000.12.27"]
[Round "1"]
[White "Hammar,U"]
[Black "Couso,L"]
[Result "0-1"]
[WhiteElo "2048"]
[BlackElo "2327"]

1.d4 Nf6 2.Bg5 d5 3.Bxf6 exf6 4.e3 Bd6 5.c4 dxc4 6.Bxc4 O-O 7.Qf3 c5 8.d5 Nd7
9.Nc3 a6 10.a4 Re8 11.Qd1 f5 12.Nge2 Nf6 13.h3 Qe7 14.O-O Qe5 15.g3 Bd7 16.Nf4 Ne4
17.Qc2 Qf6 18.Bd3 Nxc3 19.bxc3 b5 20.axb5 axb5 21.Rfb1 b4 22.Rxa8 Rxa8 23.cxb4 cxb4
24.Bf1 Ra1 25.Nd3 Rxb1 26.Qxb1 Qc3 27.Qb2 Ba4 28.Qa2 Qc2 29.Nb2 g6 30.Qxa4 Qxb2
31.Qc6 Qe5 32.Bc4 Kg7 33.Kg2 h5 34.Qb5 h4 35.gxh4 Qh2+ 36.Kf1 Qxh3+ 37.Ke1 Qxh4
38.Bb3 Qe4 39.Qc4 Qh1+ 40.Ke2 Qh2 41.Qd4+ Kg8 42.Ke1 f4 43.exf4 Qxf4 44.Qxf4 Bxf4
45.Ke2 Kg7 46.Kf3 Bd6 47.Ke4 f5+ 48.Kd4 Kf6 49.Bd1 Kg5 50.Kc4 Kf4 51.Kb5 g5
52.Kc6 Ke5 53.f3 Bf8 54.Bc2 g4 55.f4+ Kxf4  0-1

[Event "Open"]
[Site "Ano Liosia GRE"]
[Date "2000.12.28"]
[Round "2"]
[White "Raptis,G"]
[Black "Shipov,S"]
[Result "0-1"]
[WhiteElo "2143"]
[BlackElo "2640"]

1.d4 Nf6 2.Bg5 d5 3.e3 c6 4.Nd2 Bg4 5.f3 Bh5 6.h4 Bg6 7.Bxf6 gxf6 8.h5 Bf5
9.g4 Bd7 10.c4 e6 11.Qb3 Qb6 12.c5 Qc7 13.h6 b6 14.Qc3 bxc5 15.dxc5 Qe5 16.Rc1 a5
17.b3 Qxc3 18.Rxc3 e5 19.e4 d4 20.Rc2 Be6 21.a3 Nd7 22.b4 Rb8 23.b5 cxb5
24.c6 Nc5 25.a4 d3 26.Rc3 Nxa4 27.Rxd3 Bb4 28.c7 Rc8 29.Rd5 Ke7 30.Rxb5 Rxc7
31.Bd3 Rd8 32.Ke2 Nc3+  0-1

[Event "Australian Open"]
[Site "Canberra AUS"]
[Date "2000.12.29"]
[Round "2"]
[White "Corker,K"]
[Black "Pisk,P"]
[Result "1/2-1/2"]
[WhiteElo "2030"]
[BlackElo "2400"]

1.d4 Nf6 2.Bg5 g6 3.Bxf6 exf6 4.g3 Bg7 5.Bg2 O-O 6.e3 f5 7.Ne2 d6 8.O-O Nd7
9.Nd2 Nf6 10.c3 Re8 11.a4 a5 12.b4 Ne4 13.b5 h5 14.c4 h4 15.Qc2 Qe7 16.Nxe4 fxe4
17.Nc3 f5 18.Nd5 Qd8 19.gxh4 Be6 20.Rac1 c6 21.Nf4 Bf7 22.h5 g5 23.Ng6 g4
24.h3 Bxg6 25.hxg6 Re6 26.hxg4 Rxg6 27.f3 Qg5 28.Rce1 exf3 29.Rxf3 fxg4 30.Rg3 Re8
31.Qd3 Rh6 32.Qd1 Rg6 33.bxc6 Kh8 34.cxb7  1/2-1/2

[Event "17th Open"]
[Site "Boblinger GER"]
[Date "2000.12.30"]
[Round "9"]
[White "Probst,A"]
[Black "Gheng,J"]
[Result "0-1"]
[WhiteElo "2141"]
[BlackElo "2378"]

1.d4 Nf6 2.Bg5 c5 3.d5 e6 4.Nc3 Qa5 5.Bxf6 gxf6 6.e4 a6 7.a4 Bg7 8.dxe6 dxe6
9.Qg4 O-O 10.e5 fxe5 11.Bd3 f5 12.Qg5 b5 13.O-O-O Nc6 14.g4 e4 15.Be2 h6
16.Qg6 Ne5 17.Qh5 b4 18.Nb1 Qxa4 19.f4 exf3 20.Nxf3 Nxg4 21.Rhg1 Qa2 22.Qg6 Qxb2+  0-1

[Event "108th ch-NZL"]
[Site "Auckland NZL"]
[Date "2001.01.05"]
[Round "6"]
[White "Depasquale,C"]
[Black "Mc Laren,L"]
[Result "1-0"]
[WhiteElo "2309"]
[BlackElo "2250"]

1.d4 Nf6 2.Bg5 d5 3.Bxf6 gxf6 4.e3 c5 5.c3 e6 6.Nd2 Nc6 7.Bd3 f5 8.Ne2 cxd4
9.exd4 Bd6 10.O-O Bd7 11.Nf3 Qf6 12.Qd2 Rg8 13.Rfe1 Qg7 14.g3 O-O-O 15.Nf4 Qg4
16.Ne5 Nxe5 17.dxe5 Bc5 18.b4 Bb6 19.a4 h5 20.Be2 Qg5 21.Bxh5 f6 22.a5 Bc7
23.Qd4 fxe5 24.Qxa7 exf4 25.Qa8+ Bb8 26.a6 Bc6 27.b5 fxg3 28.hxg3 Kd7 29.bxc6+ bxc6
30.Qb7+ Bc7 31.Bf7 Rb8 32.Qa7 Ra8 33.Bxe6+ Kd6 34.Qd4 f4 35.Bxg8 Rxg8 36.a7 fxg3
37.f4 Qh6 38.Qe5+ Kc5 39.Qe3+ Kc4 40.Qd4+ Kb3 41.Rab1+ Kc2 42.Rec1+  1-0

[Event "Anibal Open"]
[Site "Linares ESP"]
[Date "2001.01.16"]
[Round "9"]
[White "Sargissian,G"]
[Black "Froehlich,P"]
[Result "1-0"]
[WhiteElo "2520"]
[BlackElo "2451"]

1.d4 Nf6 2.Bg5 c5 3.Bxf6 gxf6 4.d5 Qb6 5.Qc1 f5 6.g3 Bg7 7.c3 d6 8.Bg2 Nd7
9.Nd2 Nf6 10.Nh3 h5 11.Qc2 Qa6 12.Nf1 h4 13.Ne3 e6 14.dxe6 fxe6 15.g4 Rg8
16.gxf5 Bh6 17.Rg1 Bxe3 18.fxe3 e5 19.O-O-O Qxa2 20.Bd5 Qa1+ 21.Kd2 Rxg1
22.Rxa1 Rxa1 23.Qb3 Nxd5 24.Qxd5 Bxf5 25.Qg8+ Ke7 26.Qg7+ Ke8 27.Ng5 Kd8
28.Qxb7 Rc8 29.Nf7+ Ke8 30.Nxd6+  1-0

[Event "Belgian Interteams 2000-1"]
[Site "BEL"]
[Date "2001.01.21"]
[Round "7"]
[White "Winants,L"]
[Black "Weemaes,R"]
[Result "1/2-1/2"]
[WhiteElo "2523"]
[BlackElo "2295"]

1.d4 Nf6 2.Bg5 c5 3.d5 b5 4.Bxf6 gxf6 5.e3 Qb6 6.Ne2 h5 7.h4 Bb7 8.Nf4 Bh6
9.Nc3 Bxf4 10.exf4 b4 11.Ne4 f5 12.Ng3 Qf6 13.Bc4 Qxb2 14.O-O Qf6 15.Qd3 d6
16.Rae1 Bc8 17.Re3 a5 18.Rfe1 Ra7 19.c3 Kf8 20.Qc2 Qxh4 21.Nxf5 Bxf5 22.Qxf5 Qg4
23.Qe4 Qg6 24.f5 Qf6 25.Qc2 Rg8 26.a3 bxa3 27.Qb3 Nd7 28.Rxe7 Qxe7 29.Rxe7 Kxe7
30.Qxa3 Rb8  1/2-1/2

[Event "Tch-AUT 2000-01"]
[Site "Graz AUT"]
[Date "2001.01.21"]
[Round "8"]
[White "Casagrande,H"]
[Black "Staudner,O"]
[Result "0-1"]
[WhiteElo "2362"]
[BlackElo "2347"]

1.d4 Nf6 2.Bg5 g6 3.Bxf6 exf6 4.e3 f5 5.Ne2 d6 6.c4 Bg7 7.Nbc3 O-O 8.Nf4 Nd7
9.Be2 Nf6 10.Qc2 c6 11.O-O Re8 12.b4 Bd7 13.Rab1 Qc7 14.Bf3 a6 15.a4 Rad8
16.Rfc1 Bc8 17.b5 g5 18.Nd3 Ne4 19.bxa6 bxa6 20.c5 dxc5 21.Nxc5 Nxc5 22.dxc5 g4
23.Be2 f4 24.Nd1 g3 25.hxg3 fxg3 26.f4 Qe7 27.Bf3 Rxd1+ 28.Rxd1 Qxe3+ 29.Kf1 Bd4
30.Rxd4 Qxd4 31.Re1 Rxe1+ 32.Kxe1 Qxf4 33.Bxc6 Be6 34.Bf3 Qe3+ 35.Kf1 Bf5  0-1

[Event "Corus Reserve Gp"]
[Site "Wijk aan Zee NED"]
[Date "2001.01.22"]
[Round "6"]
[White "Piket,Jo"]
[Black "De Blecourt,S"]
[Result "1-0"]
[WhiteElo "2228"]
[BlackElo "2059"]


1.d4 d5 2.Bg5 Nf6 3.Bxf6 exf6 4.e3 Be6 5.Bd3 c5 6.c3 Nc6 7.Ne2 Qb6 8.Nd2 c4
9.Bc2 Qxb2 10.Rb1 Qxa2 11.Rxb7 Qa6 12.Qb1 Bd6 13.O-O f5 14.Rb2 g6 15.Ra2 Qc8
16.Qb5 Rb8 17.Qa6 Qc7 18.Ba4 Bd7 19.Bxc6 Bxc6 20.Qxa7 Bxh2+ 21.Kh1 Qxa7 22.Rxa7 Bd6
23.Nf3 Rb2 24.Nf4 O-O 25.Ne5 Bxe5 26.dxe5 Re8 27.Rc7 Ba8 28.Ra1 Reb8 29.Kh2 R2b6
30.Kg3 Bb7 31.Ra7 h6 32.e6 fxe6 33.Nxg6 Rb3 34.Nf4 Rxc3 35.Nxe6 Rb3 36.Nd4 Rb6
37.Nxf5 c3 38.Rxc3 Rg6+ 39.Kf4 Rxg2 40.Nxh6+ Kf8 41.Ng4 Rg1 42.Ne5 Kg8 43.Nd7 Rc8
44.Rxc8+ Bxc8 45.Ra8 Rc1 46.Nb6  1-0

[Event "ch-POL Boys U16"]
[Site "Zakopane POL"]
[Date "2001.01.24"]
[Round "9"]
[White "Zimolzak,P"]
[Black "Rudnicki,M"]
[Result "1/2-1/2"]
[WhiteElo "2052"]
[BlackElo "2054"]

1.d4 Nf6 2.Bg5 c5 3.d5 Ne4 4.Bc1 e5 5.Nf3 d6 6.Nfd2 Nxd2 7.Nxd2 g6 8.e4 Bg7
9.Bb5+ Nd7 10.a4 O-O 11.O-O f5 12.f3 Nf6 13.a5 Bd7 14.Bxd7 Qxd7 15.Qe2 f4
16.Ra3 g5 17.Rb3 Rf7 18.Qb5 Qe7 19.a6 b6 20.Qc6 Rd8 21.Ra3 Bf8 22.Nc4 Qd7
23.Qxd7 Rfxd7 24.g4 Be7 25.Bd2 Rb8 26.Rb1 Rc7 27.b4 cxb4 28.Rxb4 Nd7 29.c3 Rbc8
30.Nb2 Nc5 31.Kf2 Kf7 32.Ke2 h5 33.h3 hxg4 34.hxg4 Rh8 35.Be1 Rcc8 36.Bf2 Rh2
37.c4 Rch8 38.Nd3 Bd8 39.Nxc5 dxc5 40.Rb1 Ke7 41.Rab3 Bc7 42.Rf1  1/2-1/2

[Event "Corus Reserve Gp"]
[Site "Wijk aan Zee NED"]
[Date "2001.01.25"]
[Round "8"]
[White "Liang Chong"]
[Black "Ivkov,B"]
[Result "1/2-1/2"]
[WhiteElo "2581"]
[BlackElo "2432"]


1.d4 Nf6 2.Bg5 d5 3.Bxf6 gxf6 4.e3 c5 5.c3 Qb6 6.Qc2 Na6 7.Nd2 Bd7 8.dxc5 Qxc5
9.Bd3 Rc8 10.Nb3 Nb4 11.Qd2 Nxd3+ 12.Qxd3 Qc4 13.Qd2 Rg8 14.g3 e5 15.f3 b6
16.Ne2 h5 17.Rd1 Be6 18.h4 a5 19.Kf2 Be7 20.Qc2 Rg6 21.Nd2 Qc6 22.Rhe1 Kf8
23.Nf1 Rd8 24.Rd2 Bc5 25.b4 Be7 26.bxa5 bxa5 27.Rb1 Bh3 28.Ng1 Be6 29.Ne2 Bh3
30.Ng1 Be6  1/2-1/2

[Event "TCh-SVK"]
[Site "SVK"]
[Date "2001.01.28"]
[Round "7"]
[White "Zambor,N"]
[Black "Demeter,P"]
[Result "1/2-1/2"]
[WhiteElo "2240"]
[BlackElo "2259"]

1.d4 Nf6 2.Bg5 g6 3.Bxf6 exf6 4.c4 Bg7 5.Nc3 d6 6.g3 O-O 7.Bg2 f5 8.e3 Nd7
9.Nge2 Re8 10.O-O Nf6 11.Qd3 c6 12.b4 Qe7 13.a4 Ne4 14.b5 a5 15.Rab1 h5 16.Nc1 h4
17.Nb3 hxg3 18.hxg3 Bf6 19.Rfe1 Kg7 20.bxc6 bxc6 21.Nd2 Nxc3 22.Qxc3 Ra6
23.Nb3  1/2-1/2

[Event "6th HIT Open"]
[Site "Nova Gorica SLO"]
[Date "2001.02.01"]
[Round "8"]
[White "Arduman,C"]
[Black "Gombac,Jan"]
[Result "0-1"]
[WhiteElo "2375"]
[BlackElo "2206"]

1.d4 Nf6 2.Bg5 c5 3.d5 Qb6 4.Nc3 Qxb2 5.Bd2 Qb6 6.e4 d6 7.f4 e5 8.dxe6 fxe6
9.e5 dxe5 10.fxe5 Nd5 11.Bd3 g6 12.Qg4 Bd7 13.Rb1 Qc7 14.Nf3 Nxc3 15.Bxc3 Be7
16.O-O Nc6 17.Ng5 O-O-O 18.Nxe6 Nxe5 19.Qe4 Bxe6 20.Bxe5 Qd7 21.Bxh8 Rxh8
22.Rxb7 Qxb7 23.Qxe6+ Qd7 24.Ba6+ Kd8 25.Qe2 Rf8 26.Rd1 Bd6 27.Qd2 Rf6 28.Qg5 Ke7
29.Re1+ Kf7 30.Qd5+ Kg7 31.Bc4 Rf4 32.c3 Rf5 33.Qg8+ Kh6 34.Be6 Qe7 35.Re3 Rh5
36.g3 Qg5 37.Rf3 Qc1+ 38.Rf1 Qe3+ 39.Kg2 Qe2+ 40.Rf2 Qe4+ 41.Kg1 c4 42.h3 Bc5
43.Kh2 Re5 44.Bg4 Re8 45.Qf7 Bxf2 46.Qxf2 Qe3 47.Qg2 Rd8 48.Qf1 Rd2+ 49.Kh1 Rf2  0-1

[Event "Yateley Manor Int"]
[Site "Camberley ENG"]
[Date "2001.02.03"]
[Round "6"]
[White "Bigg,A"]
[Black "Littlewood,P"]
[Result "1/2-1/2"]
[WhiteElo "2157"]
[BlackElo "2394"]

1.d4 Nf6 2.Bg5 c5 3.d5 e5 4.Nc3 d6 5.e4 Be7 6.h4 a6 7.a4 O-O 8.g3 Ne8 9.Bh3 Bxh3
10.Nxh3 Nd7 11.a5 Nc7 12.Qg4 Kh8 13.O-O Nb5 14.Nd1 h6 15.Qh5 Nd4 16.c3 Nb3
17.Ra3 c4 18.Ne3 Bxg5 19.hxg5 Nd2 20.Nf5 Nxf1 21.Nxg7 Kxg7 22.Qxh6+ Kg8 23.g6  1/2-1/2

[Event "12th Goodricke Open"]
[Site "Calcutta IND"]
[Date "2001.02.09"]
[Round "4"]
[White "Gupta,A"]
[Black "Galianina Ryjanova,J"]
[Result "1-0"]
[WhiteElo "2130"]
[BlackElo "2393"]

1.d4 Nf6 2.Bg5 d5 3.e3 Nbd7 4.c4 c6 5.Nc3 g6 6.Nf3 Bg7 7.Bd3 O-O 8.O-O dxc4
9.Bxc4 Nb6 10.Bd3 Nfd5 11.Rc1 Nxc3 12.bxc3 c5 13.dxc5 Nd5 14.Nd4 Bd7 15.Qb3 Bc6
16.Bc4 Qd7 17.Rfd1 Qg4 18.Nxc6 bxc6 19.Bxd5 Qxg5 20.Bxc6 Rac8 21.Rd5 Qf6
22.Bb7 Rc7 23.c6 e6 24.Rd7 Qe5 25.Rcd1 Bh6 26.c4 Re8 27.Rxc7 Qxc7 28.Rd7 Qa5
29.g3 Bg5 30.c7 Qc5 31.Qb5 Bxe3 32.Qxc5 Bxc5 33.Rd8  1-0

[Event "FSIMB February"]
[Site "Budapest HUN"]
[Date "2001.02.11"]
[Round "8"]
[White "Puschmann,L"]
[Black "Meszaros,T"]
[Result "0-1"]
[WhiteElo "2291"]
[BlackElo "2239"]

1.d4 Nf6 2.Bg5 d5 3.Bxf6 exf6 4.e3 Bd6 5.c4 dxc4 6.Bxc4 O-O 7.Nc3 c6 8.Nge2 Nd7
9.Qc2 f5 10.Bd3 g6 11.g3 Nf6 12.a3 b5 13.O-O Bb7 14.b4 a5 15.Rab1 Qe7 16.Qb2 h5
17.d5 axb4 18.axb4 h4 19.Rfe1 Ng4 20.Nf4 hxg3 21.hxg3 Be5 22.Qd2 Qf6 23.Nd1 cxd5
24.f3 Nh6 25.Bxb5 d4 26.e4 fxe4 27.fxe4 Qg5 28.Kg2 Ra3  0-1

[Event "12th Goodricke Open"]
[Site "Calcutta IND"]
[Date "2001.02.13"]
[Round "8"]
[White "Gupta,A"]
[Black "Boricsev,O"]
[Result "1-0"]
[WhiteElo "2130"]
[BlackElo "2352"]

1.d4 d5 2.Bg5 Nf6 3.e3 e6 4.Nf3 Be7 5.Bd3 Nbd7 6.O-O c5 7.c4 h6 8.Bh4 O-O
9.Nc3 b6 10.Ne5 Bb7 11.f4 Ne4 12.Bxe7 Qxe7 13.cxd5 Nxc3 14.bxc3 exd5 15.Qe1 Nf6
16.Kh1 Ne4 17.Bxe4 dxe4 18.f5 cxd4 19.cxd4 h5 20.f6 gxf6 21.Qg3+ Kh7 22.Rf5  1-0

[Event "Masters"]
[Site "Bunratty IRL"]
[Date "2001.02.16"]
[Round "2"]
[White "Clarke,T"]
[Black "Wilman,C"]
[Result "0-1"]
[WhiteElo "2170"]
[BlackElo "2051"]

1.d4 Nf6 2.Bg5 d5 3.Bxf6 exf6 4.e3 Bf5 5.Nf3 c6 6.Bd3 Bxd3 7.Qxd3 Bd6 8.Nbd2 O-O
9.O-O-O Qa5 10.Kb1 Nd7 11.g4 Rfd8 12.h4 Qb5 13.c4 dxc4 14.Nxc4 Bf8 15.g5 f5
16.h5 Nb6 17.Nxb6 Qxd3+ 18.Rxd3 axb6 19.Rb3 b5 20.Ne5 Bd6 21.Nd3 Ra4 22.Rc1 f4
23.d5 fxe3 24.fxe3 Rg4 25.dxc6 bxc6 26.g6 fxg6 27.hxg6 Rxg6 28.Rxc6 Rg4 29.Kc2 Rg2+
30.Kc3 Be7 31.Rxb5 Bf6+ 32.Ne5 Re2 33.Re6 Rxe3+ 34.Kc4 Re4+ 35.Kb3 h5 36.Rxf6 gxf6
37.Nc4 Rd3+ 38.Kb4 h4 39.a4 h3 40.Rh5 Rdd4 41.b3 Rh4  0-1

[Event "Masters"]
[Site "Bunratty IRL"]
[Date "2001.02.17"]
[Round "3"]
[White "Gunter,D"]
[Black "Neil,D"]
[Result "1/2-1/2"]
[WhiteElo "2140"]
[BlackElo "2244"]

1.d4 Nf6 2.Bg5 d5 3.Bxf6 exf6 4.e3 c6 5.c4 Bb4+ 6.Nc3 dxc4 7.Bxc4 Be6 8.Bxe6 fxe6
9.Qb3 Qe7 10.Ne2 Na6 11.O-O O-O 12.Rac1 Kh8 13.a3 Bd6 14.Ne4 Rab8 15.Nxd6 Qxd6
16.Rfd1 Rfe8 17.h3 Re7 18.Nf4 Rd8 19.Qc4 Nb8 20.Qc5 Qxc5 21.dxc5 Rde8 22.Rd6 e5
23.Ne2 Rd7 24.Rxd7 Nxd7 25.b4 Kg8 26.Rd1 Re7 27.Ng3 g6 28.Ne4 Kg7 29.g4 Nf8
30.Rd6 Rf7 31.a4 f5 32.gxf5 gxf5 33.Nd2 Re7 34.b5 cxb5 35.axb5 Rc7 36.c6 bxc6
37.bxc6 Kf7 38.Nc4 Ng6 39.h4 e4 40.h5 Ne7 41.Ne5+ Ke8 42.Kf1 a5 43.Ke1 a4
44.Kd2 Ra7 45.Kc3 Ra5 46.Nc4 Rc5 47.Kb4 Rxc6 48.Rxc6 Nxc6+ 49.Kxa4 Kf7 50.Kb5 Ne7
51.Kc5 Ke6 52.Nb6 h6 53.Na4 Nd5 54.Kd4 Nf6 55.Nb6  1/2-1/2

[Event "Masters"]
[Site "Bunratty IRL"]
[Date "2001.02.18"]
[Round "6"]
[White "Clarke,T"]
[Black "O'Siochru,M"]
[Result "1/2-1/2"]
[WhiteElo "2170"]
[BlackElo "2050"]

1.d4 d5 2.Bg5 Nf6 3.Bxf6 exf6 4.e3 Bf5 5.Nf3 Bd6 6.c4 dxc4 7.Nc3 c6 8.Bxc4 O-O
9.h3 Qe7 10.g4 Be6 11.Bd3 Nd7 12.Qc2 g6 13.O-O-O Nb6 14.Rdg1 Nd5 15.Nxd5 Bxd5
16.e4 Bf4+ 17.Kb1 Be6 18.h4 Qd7 19.h5 Bxg4 20.hxg6 fxg6 21.e5 f5 22.Qc4+  1/2-1/2

[Event "Masters"]
[Site "Bunratty IRL"]
[Date "2001.02.18"]
[Round "6"]
[White "Dishman,S"]
[Black "Killane,J"]
[Result "1-0"]
[WhiteElo "2364"]
[BlackElo "2178"]

1.d4 Nf6 2.Bg5 d5 3.Nd2 e6 4.e3 Be7 5.Ngf3 Nbd7 6.Bd3 c6 7.c3 h6 8.Bh4 O-O
9.Ne5 Nxe5 10.dxe5 Nd7 11.Bxe7 Qxe7 12.f4 f5 13.O-O b6 14.g4 g6 15.gxf5 gxf5
16.Qh5 Kh7 17.Kf2 Bb7 18.Rg1 Rg8 19.Nf3 Rxg1 20.Rxg1  1-0

[Event "Ivan Zanic Mem"]
[Site "Stara Pazova YUG"]
[Date "2001.03.10"]
[Round "2"]
[White "Kosanovic,G"]
[Black "Jeremic,V"]
[Result "0-1"]
[WhiteElo "2437"]
[BlackElo "2334"]

1.d4 Nf6 2.Bg5 g6 3.Bxf6 exf6 4.e3 Bg7 5.c4 O-O 6.Nc3 f5 7.g3 c5 8.Nge2 cxd4
9.exd4 Nc6 10.Qd2 Re8 11.O-O-O a6 12.Bg2 b5 13.c5 Rb8 14.Rhe1 Bb7 15.Bh1 Ba8
16.Kb1 Qa5 17.f4 b4 18.Nd5 b3 19.Qxa5 Nxa5 20.a3 Re6 21.Ndc3 Bxh1 22.Rxh1 Rbe8
23.Nc1 Re3 24.Nd5 R3e4 25.Nc7 Rc8 26.Nxa6 Bxd4 27.Rd3 Nc4 28.Nxb3 Bxb2 29.Rhd1 Re2
30.Nd2 Rxd2 31.R1xd2 Nxd2+ 32.Rxd2 Bxa3 33.Rxd7 Bxc5 34.Nxc5 Rxc5 35.Rd2 Kg7
36.Kb2 h6 37.Rc2 Rxc2+ 38.Kxc2 g5 39.fxg5 hxg5 40.Kd3 g4 41.Ke2 Kf6 42.Kf2 Ke5
43.Kg2 Ke4 44.Kf2 f4 45.Kg2 f3+ 46.Kf2 f5  0-1

[Event "Belgian Interteams 2000-1"]
[Site "BEL"]
[Date "2001.03.11"]
[Round "10"]
[White "Plumanns,D"]
[Black "Van Theemsche,A"]
[Result "0-1"]
[WhiteElo "2199"]
[BlackElo "2201"]

1.d4 Nf6 2.Bg5 d5 3.e3 Bf5 4.Nf3 Nbd7 5.c4 c6 6.Nc3 Qa5 7.Nd2 e6 8.Be2 Bb4
9.Qb3 Ne4 10.Ndxe4 Bxe4 11.Bh4 dxc4 12.Bxc4 Nb6 13.O-O Bxc3 14.Bxe6 Bb4 15.Bxf7+ Kf8
16.a3 Bd6 17.Bg3 Rd8 18.Rac1 Qf5 19.f3 Bd5 20.Bxd6+ Kxf7 21.Qb4 Qe6 22.Be5 Rhe8
23.e4 Ba2 24.Bc7 Rd7 25.Bxb6 axb6 26.Rc3 Qd6 27.Ra1 Be6 28.Rd1 Qxb4 29.axb4 Red8
30.b5 Rxd4 31.Rxd4 Rxd4 32.bxc6 bxc6 33.Rc2 c5 34.Kf2 Bb3 35.Re2 b5 36.Ke3 Ke6
37.Re1 Rc4 38.Ra1 Rc2 39.Ra6+ Kd7 40.Ra7+ Kd6 41.Ra6+ Kc7 42.Ra7+ Kb6 43.Rxg7 Rxb2
44.h4 c4 45.Kd4 Rd2+ 46.Kc3 Rd3+ 47.Kb2 b4 48.Rxh7 Rd2+ 49.Kc1 c3 50.Rh6+ Kc7  0-1

[Event "It"]
[Site "Evry FRA"]
[Date "2001.03.15"]
[Round "1"]
[White "Marcelin,C"]
[Black "Giffard,N"]
[Result "1-0"]
[WhiteElo "2424"]
[BlackElo "2393"]

1.d4 Nf6 2.Bg5 d5 3.e3 c6 4.Bxf6 gxf6 5.c4 Qb6 6.Qd2 Bh6 7.Nc3 Be6 8.b3 dxc4
9.bxc4 Bf5 10.Nge2 Na6 11.Ng3 Bc8 12.Bd3 Qa5 13.O-O f5 14.Rab1 e6 15.f4 O-O
16.Nh5 Rd8 17.Qe1 Nc7 18.Qg3+ Kh8 19.Qh4 Ne8 20.Rf3 Rd7 21.Rb3 Qd8 22.Qxd8 Rxd8
23.c5 Bf8 24.Be2 Be7 25.Rf1 f6 26.g4 fxg4 27.Bxg4 f5 28.Bf3 Nc7 29.Kh1 Nd5
30.Bxd5 exd5 31.Rg1 Rg8 32.Ng3 Bd8 33.Na4 Rb8 34.Rgb1 Rg7 35.Ne2 Re7 36.Ng1 Bc7
37.Nf3 Ra8 38.Ne5 Bxe5 39.fxe5 Rb8 40.Kg2 Be6 41.Kf3 Rg7 42.Nc3 Bf7 43.Ne2 Bh5+
44.Kf2 Bxe2 45.Kxe2 Re7 46.a4 a5 47.Rb6 Rc7 48.Kf3 Kg7 49.Ra6 Kf7 50.Rxa5 Ke6
51.Ra7 Rf7 52.Kf4 Rg7 53.h3 h6 54.a5 Rg2 55.Rbxb7 Rxb7 56.Rxb7 Rf2+ 57.Kg3 Re2
58.Kf3 Rh2 59.Rc7 Rxh3+ 60.Kf2 Rh2+ 61.Kg3 Ra2 62.Rxc6+ Ke7  1-0

[Event "It"]
[Site "Evry FRA"]
[Date "2001.03.18"]
[Round "4"]
[White "Giffard,N"]
[Black "Chernuschevich,A"]
[Result "0-1"]
[WhiteElo "2393"]
[BlackElo "2435"]

1.d4 Nf6 2.Bg5 d5 3.e3 Ne4 4.Bf4 c5 5.f3 Nf6 6.Bxb8 Rxb8 7.Bb5+ Bd7 8.Bxd7+ Nxd7
9.Ne2 e6 10.O-O Qb6 11.b3 cxd4 12.exd4 Bd6 13.Kh1 Qc7 14.h3 Rc8 15.c3 O-O
16.a4 Nf6 17.Ra2 Rfe8 18.f4 Qb6 19.Nd2 Qa6 20.Rf3 Rc7 21.b4 Rec8 22.b5 Qb6
23.Qb1 a6 24.Rb2 axb5 25.Rxb5 Qa6 26.Qb3 b6 27.Rf1 Rc6 28.Ra1 Bc7 29.Qb1 g6
30.Qf1 Ra8 31.Ra2 Ne8 32.Qf3 Nd6 33.Rb4 Nc4 34.Nb3 Bd6 35.f5 Bxb4 36.cxb4 Qc8
37.f6 Nd6 38.Qd3 Ne4 39.Kg1 Nxf6  0-1

[Event "17th Spring Festival"]
[Site "Budapest HUN"]
[Date "2001.03.19"]
[Round "4"]
[White "Zalai,M"]
[Black "Toczek,G"]
[Result "1-0"]
[WhiteElo "2122"]
[BlackElo "2278"]

1.d4 Nf6 2.Bg5 c5 3.Bxf6 gxf6 4.d5 f5 5.c4 b5 6.e3 Bg7 7.Qc2 bxc4 8.Bxc4 Qb6
9.Nc3 Ba6 10.Bxa6 Nxa6 11.Nge2 e6 12.O-O Rb8 13.Rab1 O-O 14.Qa4 Rb7 15.Rfd1 Nb4
16.a3 Na6 17.Qh4 Qd8 18.Qxd8 Rxd8 19.Na4 Bf8 20.Rbc1 Rb5 21.Rc4 Bg7 22.Nec3 Bxc3
23.Rxc3 d6 24.f3 e5 25.Rc4 Kg7 26.Rd2 Rb3 27.Kf2 Nc7 28.g4 fxg4 29.Rxg4+ Kh8
30.h3 f5 31.Rg5 Rf8 32.Rd1 f4 33.e4 Nb5 34.Kg2 Nd4 35.Rf1 Nc2 36.Kh2 Nd4
37.Kg2 h6 38.Rg6 Rg8 39.Rxg8+ Kxg8 40.Rf2 Rb7 41.Nc3 Rg7+ 42.Kf1 Rg3 43.Rg2 Nxf3
44.Rxg3+ fxg3 45.Kg2 Nd2 46.Kxg3 Nc4 47.Na4 Kf7 48.b4 Nxa3 49.bxc5 dxc5 50.Nxc5 Nc4
51.Kg4 Kg6 52.Nb7 Nd2 53.Nc5 h5+ 54.Kh4 Nf3+ 55.Kg3 Nd4 56.Nd7 a5 57.Nxe5+ Kf6
58.Nc4 a4 59.e5+ Kf5 60.e6 Ke4  1-0

[Event "17th Spring Festival"]
[Site "Budapest HUN"]
[Date "2001.03.21"]
[Round "6"]
[White "Zalai,M"]
[Black "Szabolcsi,J"]
[Result "0-1"]
[WhiteElo "2122"]
[BlackElo "2410"]

1.d4 Nf6 2.Bg5 c5 3.Bxf6 gxf6 4.d5 Qb6 5.Qc1 d6 6.c4 Qb4+ 7.Qc3 Bg7 8.a3 Qb6
9.Nd2 O-O 10.Rb1 Bf5 11.e4 Bxe4 12.Nxe4 f5 13.Qc2 fxe4 14.Qxe4 Qa5+ 15.Kd1 Nd7
16.Nf3 Nf6 17.Qh4 b5 18.Bd3 bxc4 19.Qxc4 Rab8 20.Re1 Rb7 21.Nh4 Rfb8 22.Re2 Nxd5
23.Nf5 Nc3+ 24.bxc3 Rxb1+ 25.Bxb1 Rxb1+ 26.Kc2 Qb6 27.Nxg7 d5 28.Qa2 Qg6+
29.Kd2 Qg5+ 30.Re3 Rf1 31.Ke2 Qxg2 32.Rf3 Rc1 33.Qxd5 Qf1+ 34.Ke3 Rxc3+ 35.Ke4 Qe2+  0-1